Vivienda social en copropiedad
Furkejuvvon:
| Searvvušdahkki: | |
|---|---|
| Materiálatiipa: | Girji |
| Giella: | espánnjágiella |
| Almmustuhtton: |
Santiago
MINVU Secretaría Ejecutiva Desarrollo de Barrios
2014
|
| Preanttus: | 1a. ed |
| Fáttát: | |
| Fáddágilkorat: |
Lasit fáddágilkoriid
Eai fáddágilkorat, Lasit vuosttaš fáddágilkora!
|
MARC
| LEADER | 00000cam a2200000 a 4500 | ||
|---|---|---|---|
| 001 | UCE2728 | ||
| 003 | CL-VaPUC | ||
| 008 | 140724e20140300cl |||||||||||||||||spa|d | ||
| 020 | |a 9789569432071 | ||
| 082 | 0 | 4 | |a 363.50983 |b MIN |2 21 |
| 110 | 2 | |a Ministerio de Vivienda y Urbanismo |e author |9 575292 | |
| 245 | 1 | 0 | |a Vivienda social en copropiedad |
| 250 | |a 1a. ed | ||
| 300 | |a v | ||
| 942 | |c BK | ||
| 945 | |d 20140724 10:48:00 |a dcastane | ||
| 260 | |a Santiago |b MINVU Secretaría Ejecutiva Desarrollo de Barrios |c 2014 | ||
| 500 | |a v.1: memoria de tipologías en condominios sociales | ||
| 500 | |a v.2: catastro nacional de condominios sociales | ||
| 650 | 0 | |a Viviendas sociales |9 266841 | |
| 650 | 7 | |a POLITICA HABITACIONAL |2 CL-VaPUC |9 266843 | |
| 583 | |a last modification |c 20140724 10:48:00 |k Rodrigo Vera | ||
| 999 | |c 356303 |d 356301 | ||
| 952 | |0 0 |1 0 |3 erb |4 0 |6 363_509830000000000_MIN_2014 |7 0 |8 A |9 463571 |a BIBARQ |b BIBARQ |h v.1 |i 5090458 |l 2 |o 363.50983 MIN 2014 |p 5090458 |r 2025-01-20 |s 2023-12-01 |w 2019-11-23 |y BK |z Catalogado en:20140724 |k ARQ | ||
| 952 | |0 0 |1 0 |3 erb |4 0 |6 363_509830000000000_MIN_2014 |7 0 |8 A |9 463572 |a BIBARQ |b BIBARQ |h v.2 |i 509044K |o 363.50983 MIN 2014 |p 509044K |r 2025-01-20 |w 2019-11-23 |y BK |z Catalogado en:20140724 |k ARQ | ||